| 000 | 01144cad a22002295a 4500 | ||
|---|---|---|---|
| 001 | L144851 | ||
| 008 | 080813s2008 xxkad f s 000 0 eng d | ||
| 035 | _a(Sirsi) u144851 | ||
| 041 | 0 | _aeng | |
| 050 | 0 | 4 | _a333.33 $2 22 |
| 110 | 2 |
_aPramerica Real Estate Investors _95594 |
|
| 245 | 0 | 0 |
_aAsian Quarterly _bJuly 2008 _h[electronic resource] |
| 250 | _c2008 | ||
| 260 |
_aUnited States _bPramerica _c2008 |
||
| 490 | 0 |
_aAsian Quarterly _vJuly 2008 |
|
| 520 | _aReports that Asia's property markets are still strong despite global financial instability. However, the effects from the credit crunch, slower economic growth and higher inflation are beginning to bite. In the second quarter of 2008, the rate of Investment and leasing activity slowed down. Concludes that regional growth is still relatively robust and should continue to support demand from both investors and tenants. | ||
| 590 | _aKA | ||
| 651 | 4 | _aAsia | |
| 690 | _aPROPERTY-COMMERCIAL PROPERTY-COMMERCIAL PROPERTY MARKET | ||
| 856 | 4 | 8 |
_uhttps://www.pramericarei.com/pramerica/realestate/pra_research_frameset.html _zView the report at www.pramericarei.com/ |
| 942 | _n0 | ||
| 999 |
_c108628 _d108628 |
||